00856cam a2200253 a 4500001000500000005001700005020001800022040002300040050001400063082001200077100001800089245008000107250003300187260003400220300006000254505000800314520012100322521002000443521002000463650003800483650003000521650001900551700003200570265220241119100817.0 a9780439764193 aDLCcDLCdDLCbeng00aPZ7.K922500a394.2611 aKroll, Steven14aThe biggest valentine ever /cby Steven Kroll ; illustrated by Jeni Bassett aFirst printing, January 2006 aNew York :bScholastic,c2006 a30 unnumbered pages : bcolor illustration ; c21 cm .  aK  aWhen Desmond and Clayton, two mice, finally learn to cooperate, they create a wonderful valentine for their teacher. a510 bLexile  aK bRaz-Plus  1aInterpersonal relationsvFiction. 1aValentine's DayvFiction. 1aMicevFiction.1 aBassett, Jenieillustrator